Culture Générale - Série 2219 - Statistiques

Statistiques générales
  • Ce quiz a été pris 99 fois
  • Le résultat moyen est 5 sur 10
Statistiques - réponses
Question Réponse % Correct
La Patagonie s'étend sur deux pays : Chili et .... Argentine
98%
Dans quel état des Etats Unis se trouve "la vallée de la mort" dans le désert des Mojaves ? Californie
74%
Dans quel pays se trouve le désert d’Atacama ? Chili
66%
Dans quel pays peut-on admirer Le Grand Bouddha de Leshan, qui mesure 71m ? Chine
62%
Le Namaqualand est une région aride de l'Afrique du Sud et de .... Namibie
57%
Quel pays comprend plus de 6800 îles ? Japon
52%
Le moloch ou diable cornu, est un petit lézard endémique de quel pays ? Australie
43%
Dans le film de Claude Berri "Jean de Florette",quel est le surnom de Ugolin Soubeyran, interprété par Daniel Auteuil ? galinette
38%
Dans quel pays se trouve la ville de Kalmar ? Suède
26%
Espèce de poule sauvage du même genre que le coq de bruyère - 9 lettres commençant par " g " - voir photo gelinotte
4%
Aucun quiz correspondant
Distribution des résultats
% des personnes avec chaque résultat
Percentile par nombre de réponses
Votre historique - résultats
Vous n’avez pas pris ce quiz